000
00330 a2200157 4500
001
71590
020
_a
850806800X
040
_c
Anchieta - Colégio São Paulo
100
_a
Jouve, Franck
240
1
0
_a
A floresta
_l
por
245
1
0
_a
A floresta
300
_a
48
362
0
_a
1998
650
4
_a
Literatura juvenil
942
_c
BK
999
_c
71590
_d
71590